• 首页
  • 本馆介绍
  • 公告通知
  • 最新文献
  • 馆藏检索
  • 电子资源
  • 读者导购
  • 参考咨询
  • 我的图书馆
  • 登录
  • 详细信息显示
  • 放入我的书架
  • 预约/预借图书
  • 作者相关作品
  • 分类相关作品
  • 丛书相关作品
  • 出版社相关作品

书目信息

  • 表格格式
  • 工作单格式
  • 卡片格式
题名:
旅游天地
    
 
作者: 娄佃花 编
分册:  
出版信息: 北京   航空工业出版社  2019
页数: 193页
开本: 24cm
丛书名: 教师必备知识丛书
单 册:
中图分类: G633.552
科图分类:
主题词: 旅游--中小学--教学参考资料
电子资源:
ISBN: 978-7-5165-1634-8
000 00865oam2 2200265 450
001 012001002306
005 20130122172831.0
010    @a978-7-5165-1634-8@dCNY28.00
100    @a20190406d2019 em y0chiy50 ea
101 0  @achi
102    @aCN@b110000
105    @aa z 000yy
106    @ar
200 1  @a旅游天地@9lv you tian di@f娄佃花编
210    @a北京@c航空工业出版社@d2019
215    @a193页@c图@d24cm
225 1  @a教师必备知识丛书
300    @a教师公文包
330    @a本书分为旅游导趣、旅游热线、旅途健康、旅游新时尚等部分,包括旅游胜地之最、夏季旅游的保健、洞穴旅游的卫生保健、登山旅游前的准备、马车旅游、狩猎旅游等内容。
461  0 @12001 @a教师必备知识丛书
606 0  @a旅游@x中小学@j教学参考资料
690    @aG633.552@v5
701  0 @a娄佃花@9lou dian hua@4编
801  0 @aCN@b江苏凤凰@c20191020
905    @b1215518-21@dG633.552@e315@f4
    
    旅游天地/娄佃花编.-北京:航空工业出版社,2019
    193页:图;24cm.-(教师必备知识丛书)
    教师公文包
    
    ISBN 978-7-5165-1634-8:CNY28.00
    本书分为旅游导趣、旅游热线、旅途健康、旅游新时尚等部分,包括旅游胜地之最、夏季旅游的保健、洞穴旅游的卫生保健、登山旅游前的准备、马车旅游、狩猎旅游等内容。
●
相关链接 在E读中查询图书 在五车中查询图书 在当当中查询图书 在豆瓣中查询图书


正题名:旅游天地     索取号:G633.552/315         预约/预借

序号 登录号 条形码 馆藏地/架位号 状态 备注
1 1215518   212155184   第一样本阅览室/ [索取号:G633.552/315] 在馆    
2 1215519   212155193   教育系资料室/ [索取号:G633.552/315] 在馆    
3 1215520   212155200   教育系资料室/ [索取号:G633.552/315] 在馆    
4 1215521   212155219   第四借阅区/ [索取号:G633.552/315] 在馆    
唐山师范学院图书馆 欢迎您!
大连网信软件有限公司© 版权所有